[Event "FIDE Candidates (Women)"]
[Site "Groningen"]
[Date "1997.12.17"]
[Round "8"]
[White "Cramling, Pia"]
[Black "Maric, Alisa"]
[Result "1/2-1/2"]
[WhiteElo "2520"]
[BlackElo "2460"]

1.d4 Nf6 2.Nf3 e6 3.c4 Bb4+ 4.Bd2 a5 5.g3 d5 6.Qc2 c5 7.Bg2 cxd4 8.Bxb4 axb4
9.cxd5 O-O 10.Nxd4 Qb6 11.Nb3 exd5 12.O-O Bg4 13.h3 Rc8 14.Qd3 Bh5 15.N1d2 Bg6
16.Qd4 Qb5 17.f4 Nc6 18.Qf2 Ne4 19.Nxe4 Bxe4 20.Bxe4 dxe4 21.Qe3 Ne7 22.Nd4 Qd5
23.f5 Rd8 24.Rad1 Nc6 25.Nxc6 Qxc6 26.Rxd8+ Rxd8 27.Rf4 h6 28.Rxe4 Rd1+ 29.Kf2 Kh7
30.f6 Qxf6+ 31.Rf4 Qxb2 32.Qe4+ Kg8 33.Qe8+ Kh7 34.Qxf7 Qb1 35.Qc4 Rh1 36.Qe4+ Qxe4
37.Rxe4 Rxh3 38.Rxb4 Rh5 39.Rxb7 Ra5 40.Rb2 Ra3 41.e3 Kg6 42.Kf3 Kf5 43.g4+ Ke5
44.Rb7 Kf6 45.Rb6+ Kg5 46.Rb2 Ra4 47.Rd2 Kf6 48.Rd6+ Kg5 49.Rd5+ Kf6 50.Rd2 Kg5
51.Rc2 Kf6  1/2-1/2

[Event "Rishon Le Ziyyon 9798"]
[Site "Rishon Le Ziyyon"]
[Date "1997.12.30"]
[Round "6"]
[White "Alienkin, Aleksander"]
[Black "Khetsuriani, Besarion"]
[Result "1/2-1/2"]
[WhiteElo "2435"]
[BlackElo "2305"]

1.Nf3 Nf6 2.c4 e6 3.d4 Bb4+ 4.Bd2 Bxd2+ 5.Qxd2 O-O 6.Nc3 d5 7.e3 Qe7 8.Bd3 dxc4
9.Bxc4 c5 10.O-O Nc6  1/2-1/2

[Event "Viking op"]
[Site "Aaland-Stockholm"]
[Date "1997.??.??"]
[Round "?"]
[White "Gyimesi, Zoltan"]
[Black "Taimanov, Mark E"]
[Result "1/2-1/2"]
[WhiteElo "2525"]
[BlackElo "2425"]

1.d4 Nf6 2.c4 e6 3.Nf3 Bb4+ 4.Bd2 a5 5.g3 d5 6.Qc2 dxc4 7.Qxc4 Nc6 8.a3 Be7
9.Bg2 Ne4 10.O-O O-O 11.Rd1 Bd7 12.Qc2 Nxd2 13.Nbxd2 Qb8 14.Rac1 Rd8 15.Ne4 Be8
16.Neg5 g6 17.Qe4 h6 18.Nh3 g5 19.Ne5 Nxe5 20.dxe5 Bc6 21.Qg4 Bxg2 22.Kxg2 Rxd1
23.Rxd1 Qe8 24.Ng1 Qc6+ 25.Nf3 Rd8 26.Rxd8+ Bxd8 27.h4 Kf8 28.hxg5 hxg5 29.a4 Ke8
30.Qd4 Qd5 31.Kh3 Qxd4 32.Nxd4 Kd7 33.Kg4 f5+ 34.Kf3 c6 35.Nb3 b5 36.Nc5+ Ke7
37.b3 Bb6 38.Nd3 Bd4 39.e3 Bb6 40.Ke2  1/2-1/2

[Event "Terres Catalanes 15th"]
[Site "Ampuriabrava"]
[Date "1997.??.??"]
[Round "4"]
[White "Izeta Txabarri, Felix"]
[Black "Vehi Bach, Victor Manuel"]
[Result "0-1"]
[WhiteElo "2525"]
[BlackElo "2395"]

1.d4 Nf6 2.Nf3 e6 3.c4 Bb4+ 4.Bd2 a5 5.Nc3 b6 6.g3 Ba6 7.b3 d5 8.cxd5 exd5
9.Bg2 O-O 10.O-O Re8 11.Re1 Ne4 12.Nxe4 dxe4 13.Bxb4 axb4 14.Ne5 Bb7 15.e3 Nd7
16.Nxd7 Qxd7 17.Qd2 Qd6 18.Rac1 Bd5 19.Bf1 Ra5 20.Bc4 h5 21.Bxd5 Rxd5 22.Red1 h4
23.Qc2 hxg3 24.fxg3 Qh6 25.Qf2 Re6 26.Qf4 Qxf4 27.gxf4 c6 28.Rf1 Rg6+ 29.Kh1 c5
30.dxc5 bxc5 31.Rfd1 Rgd6 32.Rxd5 Rxd5 33.Rc2 Kf8 34.Kg2 Ke7 35.Kf2 Kd6 36.Ke1 Rh5
37.Rg2 g6 38.Rd2+ Kc6 39.Rf2 Kb5 40.Rg2 Rh3 41.Kd2 c4 42.bxc4+ Kxc4 43.Re2 Rh5
44.Rf2 Ra5 45.Ke1 Kd3 46.f5 gxf5 47.Re2 Ra6 48.Rf2 Kxe3 49.Rxf5  0-1

[Event "Andorra op"]
[Site "Andorra"]
[Date "1997.??.??"]
[Round "3"]
[White "Psakhis, Lev"]
[Black "Campos Moreno, Javier B"]
[Result "1/2-1/2"]
[WhiteElo "2610"]
[BlackElo "2445"]

1.d4 Nf6 2.c4 e6 3.Nf3 Bb4+ 4.Bd2 Qe7 5.g3 Nc6 6.Nc3 O-O 7.Bg2 d6 8.O-O Bxc3
9.Bxc3 Ne4 10.Be1 a5 11.Qc2 f5 12.d5 Nd8 13.Nd4 Nc5 14.dxe6 g6 15.Bc3 Ndxe6
16.Nxe6 Bxe6 17.Qd2 h5 18.b3 a4 19.Rab1 Kh7 20.Bd4 Rad8 21.Qe3 b6 22.Bc6 Qf7
23.Rfd1 axb3 24.axb3 Na6 25.Bc3 Nb8 26.Bg2 Rfe8 27.Qd2 Bd7 28.Bd5 Be6 29.Bg2 Bd7
30.Ra1 Bc6 31.Bd5 Bxd5 32.cxd5 Nd7 33.b4 Ne5 34.Ra7 Nc4 35.Qd3 b5 36.Rb7 Rb8
37.Rxb8 Rxb8 38.Ra1 Nb6 39.Rd1 Nc4 40.Ra1  1/2-1/2

[Event "EU-ch Rapid (Women)"]
[Site "Athens"]
[Date "1997.??.??"]
[Round "1"]
[White "Jiretorn, Eva"]
[Black "Schroecker, Maria Luise"]
[Result "0-1"]
[WhiteElo "2080"]
[BlackElo "2130"]

1.d4 Nf6 2.c4 e6 3.Nf3 Bb4+ 4.Bd2 c5 5.a3 Bxd2+ 6.Nbxd2 b6 7.e4 cxd4 8.Nxd4 d6
9.g3 Bb7 10.Bg2 O-O 11.O-O Qe7 12.Qe2 Rd8 13.Rfd1 Na6 14.b4 Rac8 15.Rac1 Nb8
16.N2b3 a6 17.f4 Nc6 18.g4 g6 19.Nc2 e5 20.f5 Rc7 21.Rd2 Rcd7 22.Rcd1 Ba8
23.h3 Qe8 24.Bf3 Qe7 25.g5 Ne8 26.f6 Qf8 27.h4 Nc7 28.Qf2 Rb8 29.Ne3 Ne6
30.Ng4  0-1

[Event "NZD-ch"]
[Site "Auckland"]
[Date "1997.??.??"]
[Round "2"]
[White "Wastney, Scott"]
[Black "Barlow, Matthew"]
[Result "1/2-1/2"]
[WhiteElo "2100"]
[BlackElo "2200"]

1.d4 Nf6 2.Nf3 e6 3.c4 Bb4+ 4.Bd2 Qe7 5.Nc3 O-O 6.g3 d6 7.Bg2 e5 8.O-O c6
9.c5 Nbd7 10.cxd6 Bxd6 11.Bg5 Bc7 12.Rc1 h6 13.dxe5 Nxe5 14.Bxf6 Qxf6 15.Nd5 Qd8
16.Nxc7 Qxc7 17.Qa4 Nxf3+ 18.Bxf3 Be6 19.Rfd1 a6 20.b4 Rad8 21.a3 Rxd1+ 22.Rxd1 Rd8
23.e3 Rxd1+ 24.Qxd1 a5 25.Qd4 axb4 26.axb4 b6 27.h4 c5 28.bxc5 bxc5 29.Qc3 Qb6
30.Be4 Qc7 31.Kf1 Kf8 32.Ke1 Kg8 33.Kd2 Kf8 34.Qa3 Ke7  1/2-1/2

[Event "AUT-chT2W 9798"]
[Site "Austria"]
[Date "1997.??.??"]
[Round "7"]
[White "Kondrak, Christoph"]
[Black "Ploechl, C."]
[Result "1/2-1/2"]
[WhiteElo "2095"]
[BlackElo "1990"]

1.d4 e6 2.c4 Nf6 3.Nf3 Bb4+ 4.Bd2 Qe7 5.Nc3 O-O 6.e3 d6 7.Qb3 Bxc3 8.Bxc3 b6
9.Be2 Bb7 10.c5 Nbd7 11.cxd6 cxd6 12.O-O Ne4 13.Bb4 Ndf6 14.Rac1 Rac8 15.Qa4 Nd5
16.Ba3 f5 17.Bd3 Rcd8 18.Bxe4 fxe4 19.Nd2 Rf6 20.Nxe4 Rg6 21.Ng3 h5 22.Qc2 Qg5
23.h4 Qf6 24.e4 Nf4 25.e5 Qf7 26.Qc7 Rd7 27.Qb8+ Kh7 28.Bxd6 Nxg2 29.d5 Nxh4
30.Qf8 Qxf8 31.Bxf8 Bxd5 32.Kh2 Nf3+ 33.Kh3 Nxe5 34.f4 Ng4 35.Nxh5 Ne3 36.Rg1 Rxg1
37.Rxg1 Nf5 38.Ng3 Nxg3 39.Rxg3 Rf7 40.Bd6 Rf5 41.Kg4 g6 42.Be5 Rh5 43.Rc3 Bxa2
44.Rc8 Rxe5 45.fxe5 Kh6 46.Rh8+ Kg7 47.Rh3 Bd5 48.Kg5 a5 49.Rc3 Kf8 50.Rc7 Ke8
51.Kxg6 Kd8 52.Rc1 a4 53.Kg5 b5 54.Rc5 Bc4 55.Kf4 Ke8 56.Ke3 Kf7 57.Kd4 Kg6
58.Rc8 Kf5 59.Rf8+ Kg5 60.Rf6 Kg4  1/2-1/2

[Event "AUT-chT9697"]
[Site "Austria"]
[Date "1997.??.??"]
[Round "11"]
[White "Hager, Franz"]
[Black "Schneider Zinner, Harald"]
[Result "1-0"]
[WhiteElo "2240"]
[BlackElo "2155"]

1.d4 Nf6 2.c4 e6 3.Nf3 Bb4+ 4.Bd2 a5 5.g3 d6 6.Bg2 Nbd7 7.O-O e5 8.Bxb4 axb4
9.Qb3 Qe7 10.d5 e4 11.Nd4 h5 12.Qxb4 h4 13.Qc3 Ne5 14.Nd2 Nfg4 15.Nxe4 hxg3
16.hxg3 f5 17.Nd2 Qg5 18.f4 Qh6 19.N2f3 Nxf3+ 20.Nxf3 Bd7 21.Rfe1 O-O-O 22.e4 Nf6
23.exf5 Bxf5 24.Nh4 Bg4 25.Re7 Kb8 26.c5 dxc5 27.Qxc5 Nd7 28.Qd4 g5 29.fxg5 Qd6
30.Re3 Rdg8 31.Qxg4  1-0

[Event "Wch Seniors"]
[Site "Bad Wildbad"]
[Date "1997.??.??"]
[Round "2"]
[White "Martinovsky, Eugene"]
[Black "Porubszki, Georg"]
[Result "1-0"]
[WhiteElo "2345"]
[BlackElo "2040"]

1.d4 Nf6 2.c4 e6 3.Nf3 Bb4+ 4.Bd2 Qe7 5.g3 Bxd2+ 6.Qxd2 b6 7.Nc3 Bb7 8.Bg2 O-O
9.O-O Ne4 10.Qc2 Nxc3 11.Qxc3 d6 12.Rfe1 Nd7 13.e4 e5 14.d5 a5 15.Nd2 Qg5
16.b3 Nc5 17.a3 f5 18.b4 axb4 19.axb4 Nxe4 20.Nxe4 fxe4 21.Bxe4 Qf6 22.f3 Qg5
23.Kg2 Rxa1 24.Rxa1 Ra8 25.Rxa8+ Bxa8 26.h4 Qd8 27.Qc2 h6 28.Qa4 Bb7 29.Bb1 Kf8
30.g4 Qe8 31.Qa7 Qa8 32.Qxa8+ Bxa8 33.b5 g5 34.h5 Bb7 35.Bf5 Ke7 36.Kf2 Kd8
37.Ke3 Bc8 38.Bxc8 Kxc8 39.Ke4 Kd7 40.Kf5 Ke8 41.Kg6 Ke7 42.Kg7  1-0

[Event "Wch Seniors"]
[Site "Bad Wildbad"]
[Date "1997.??.??"]
[Round "4"]
[White "Blachmann, Horst"]
[Black "Zoltek, Tadeusz"]
[Result "0-1"]
[WhiteElo "2140"]
[BlackElo "2290"]

1.d4 Nf6 2.c4 e6 3.Nf3 Bb4+ 4.Bd2 Qe7 5.a3 Bxd2+ 6.Nbxd2 d6 7.e3 O-O 8.Qc2 Nbd7
9.Bd3 e5 10.O-O Re8 11.dxe5 dxe5 12.Ne4 a5 13.Rac1 g6 14.h3 Nc5 15.Nxc5 Qxc5
16.Ng5 a4 17.Ne4 Nxe4 18.Bxe4 c6 19.Bf3 Be6 20.Rfd1 Ra6 21.Rd2 Raa8 22.e4 Qe7
23.Bg4 Bxg4 24.hxg4 Qg5 25.f3 h5 26.gxh5 Qxh5 27.Rd7 Kg7 28.g4 Qg5 29.Qd2 Qf6
30.Kg2 Rh8 31.g5 Qe6 32.Rg1 Qxc4 33.Qd3 Qe6 34.Qd6 Qxd6 35.Rxd6 Rh5 36.Kf2 Rh2+
37.Rg2 Rxg2+ 38.Kxg2 Ra5 39.Rd2 Rb5 40.Kg3 Kf8 41.f4 exf4+ 42.Kxf4 Ke7 43.Rd4 Rxb2
44.Rxa4 Rb1 45.Ra5 f6 46.a4 Rf1+ 47.Kg3 fxg5 48.Rxg5 Kf6 49.Rc5 Rb1 50.Rc4 g5
51.a5 Rb3+ 52.Kf2 Ra3 53.Rc5 g4 54.Kg2 Ke6 55.Rg5 Kd7 56.Rg7+ Kc8 57.Rg8+ Kc7
58.Rg7+ Kb8 59.e5 Rxa5 60.e6 Re5 61.e7 Ka7 62.Kg3 Re4 63.Kf2 Kb6 64.Rxg4 Rxe7  0-1

[Event "Wch Seniors"]
[Site "Bad Wildbad"]
[Date "1997.??.??"]
[Round "5"]
[White "Lieb, Harald"]
[Black "Lukovski, Lev"]
[Result "1-0"]
[WhiteElo "2245"]
[BlackElo "2105"]

1.d4 Nf6 2.Nf3 e6 3.c4 Bb4+ 4.Bd2 Bxd2+ 5.Nbxd2 d5 6.g3 O-O 7.Bg2 Re8 8.O-O Nbd7
9.e3 b6 10.Ne5 Bb7 11.Rc1 Nxe5 12.dxe5 Nd7 13.f4 a5 14.Nb3 c6 15.Nd4 Rc8
16.Rf2 Nc5 17.cxd5 exd5 18.Nf5 Rc7 19.Nd6 Ree7 20.e4 Ba6 21.exd5 Nd3 22.dxc6 Nxf2
23.Kxf2 g6 24.Bd5 Qf8 25.Qd4 Qb8 26.f5 Bc8 27.f6 Re6 28.Qf4 Bd7 29.cxd7  1-0

[Event "Wch Seniors"]
[Site "Bad Wildbad"]
[Date "1997.??.??"]
[Round "6"]
[White "Martinovsky, Eugene"]
[Black "Kleiman, Mark"]
[Result "1-0"]
[WhiteElo "2345"]
[BlackElo "1946"]

1.d4 Nf6 2.c4 e6 3.Nf3 Bb4+ 4.Bd2 Qe7 5.g3 Bxd2+ 6.Qxd2 b6 7.Nc3 Bb7 8.Bg2 Ne4
9.Qc2 Nxc3 10.Qxc3 d6 11.O-O Nd7 12.c5 Bd5 13.Rfc1 dxc5 14.dxc5 O-O 15.c6 Bxf3
16.Bxf3 Nf6 17.Qe5 a5 18.Rd1 Rfd8 19.Rac1 Rac8 20.e3 Ne8 21.h4 Qf6 22.Qxf6 Nxf6
23.Be2 Rxd1+ 24.Rxd1 h5 25.f3 Kf8 26.e4 e5 27.Kf2 Ke8 28.Ke3 Rd8 29.Rxd8+ Kxd8
30.f4 exf4+ 31.gxf4 Ke7 32.e5 Nd5+ 33.Ke4 Nb4 34.a3 Nxc6 35.Bxh5 g6 36.Be2 Nd8
37.f5 c6 38.Ba6 Kd7 39.e6+ Ke7 40.exf7 gxf5+ 41.Kxf5 Nxf7 42.Bd3 Nd6+ 43.Kg6 c5
44.h5 c4 45.Bc2 Kf8 46.Kf6 Kg8 47.Ke5 Nb5 48.Kd5 Kg7 49.Kxc4 Nc7 50.Bd1 Kh6
51.Be2 Kg5 52.a4 Kf6 53.b3 Ne6 54.Bd1 Nc7 55.Bc2 Kg5 56.Bg6 Kf6 57.Be4 Kg5
58.Bf3 Kf6 59.Be2 Ne6 60.Bg4 Nc7 61.Bd7 Kg5 62.Kd4 Kxh5 63.Ke5 Kg6 64.Bb5  1-0

[Event "Bad Zwesten op"]
[Site "Bad Zwesten"]
[Date "1997.??.??"]
[Round "6"]
[White "Levin, Felix"]
[Black "Yermolinsky, Alex"]
[Result "0-1"]
[WhiteElo "2485"]
[BlackElo "2630"]

1.d4 Nf6 2.c4 e6 3.Nf3 Bb4+ 4.Bd2 a5 5.Nc3 d6 6.b3 Nbd7 7.a3 Bxc3 8.Bxc3 b6
9.g3 Bb7 10.Bg2 O-O 11.O-O Ne4 12.Bb2 Qe7 13.Qc2 f5 14.Ne1 c5 15.dxc5 bxc5
16.Nd3 Rfc8 17.a4 Nb8 18.Nf4 Na6 19.Rad1 Nb4 20.Qc1 e5 21.Nd3 Nc6 22.e3 Nf6
23.f4 e4 24.Nf2 Ra6 25.Bh3 Qe6 26.Qc3 Rc7 27.Rd2 Nb4 28.Rfd1 Re7 29.Ba3 Bc8
30.Qa1 Bd7 31.Bb2 Ng4 32.Nxg4 fxg4 33.Bg2 Qg6 34.Bc3 Nd3 35.Rxd3 exd3 36.e4 Rb6
37.Rxd3 Rxb3 38.f5 Qe8 39.Rxd6 Qb8 40.Rd1 Bc6 41.f6 gxf6 42.Bxf6 Rd7 43.Rf1 Rd2
44.Bg7 Rxg2+ 45.Kxg2 Bxe4+ 46.Kg1 Rxg3+ 47.Kf2 Qf4+  0-1

[Event "Barbera-A"]
[Site "Barbera"]
[Date "1997.??.??"]
[Round "2"]
[White "Gonzalez Velez, Fermin"]
[Black "Hernando Rodrigo, Jose Maria"]
[Result "0-1"]
[WhiteElo "2400"]
[BlackElo "2270"]

1.d4 e6 2.Nf3 Nf6 3.c4 Bb4+ 4.Bd2 c5 5.Bxb4 cxb4 6.g3 O-O 7.Bg2 d6 8.O-O a5
9.a3 Na6 10.Nbd2 Qe7 11.axb4 Nxb4 12.e4 e5 13.h3 b6 14.Re1 Bb7 15.d5 Nd7
16.Ra3 Nc5 17.Nf1 Ba6 18.N3d2 Rac8 19.b3 Rc7 20.Nb1 Qg5 21.Nc3 g6 22.Na4 Nxa4
23.Rxa4 f5 24.exf5 gxf5 25.Qe2 Bc8 26.Raa1 f4 27.g4 h5 28.f3 Qh4 29.Nh2 Rh7
30.Rad1 hxg4 31.fxg4 Qg3 32.Nf1 Qxb3 33.Nd2 Qb2 34.Nf3 Qxe2 35.Rxe2 Ba6 36.Ng5 Ra7
37.Rc1 Rc8 38.Ne4 Rxc4 39.Ree1 Nd3 40.Rxc4 Bxc4 41.Rb1 Nc5 42.Nxd6 Bd3 43.Rxb6 a4  0-1

[Event "Barbera-B"]
[Site "Barbera"]
[Date "1997.??.??"]
[Round "9"]
[White "Salgado Allaria, Carlos"]
[Black "Pascual Arevalo, Ruben"]
[Result "1-0"]
[WhiteElo "2205"]
[BlackElo "2320"]

1.d4 Nf6 2.c4 e6 3.Nf3 Bb4+ 4.Bd2 a5 5.g3 b6 6.Bg2 Bb7 7.O-O O-O 8.Bg5 Be7
9.Qc2 d5 10.Ne5 Ne4 11.Bxe7 Qxe7 12.Nc3 Nxc3 13.Qxc3 f6 14.Nd3 Ra7 15.cxd5 exd5
16.Nf4 c6 17.e3 Bc8 18.Rfc1 Bf5 19.Qb3 Qb4 20.Bxd5+ Kh8 21.Qxb4 axb4 22.Bxc6 Nxc6
23.Rxc6 b3 24.a3 g5 25.Ne6 Rb8 26.Rac1 Bc2 27.d5 b5 28.Nd4 Be4 29.Rc8+ Rxc8
30.Rxc8+ Kg7 31.Nxb5 Rd7 32.Rc7 Rxc7 33.Nxc7 f5 34.d6 Bc6 35.Ne6+  1-0

[Event "Regionalliga SO9697"]
[Site "Bayern"]
[Date "1997.??.??"]
[Round "?"]
[White "Heyne, Martin"]
[Black "Tauber, Rainer"]
[Result "1-0"]
[WhiteElo "1860"]
[BlackElo "2000"]

1.d4 e6 2.c4 Nf6 3.Nf3 Bb4+ 4.Bd2 c5 5.Bxb4 cxb4 6.e3 O-O 7.Be2 d6 8.O-O Nc6
9.a3 bxa3 10.Nxa3 e5 11.d5 Nb4 12.Nc2 Qb6 13.Nxb4 Qxb4 14.Qd2 Qxd2 15.Nxd2 Bf5
16.b4 Rfc8 17.f3 Rc7 18.e4 Bc8 19.Ra2 Nd7 20.Rfa1 a6 21.Nb3 Kf8 22.Rc1 b6
23.g3 Ke7 24.f4 f6 25.Bg4 Bb7 26.Kf2 Rb8 27.Ke3 g6 28.Rf2 Rbc8 29.Kd3 b5
30.c5 dxc5 31.bxc5 Nxc5+ 32.Nxc5 Rxc5 33.Bxc8 Rxc1 34.Bxb7 a5 35.Rc2 Rd1+
36.Rd2 Rc1 37.Bc6 b4 38.Ra2 Rc3+ 39.Kd2 Rc4 40.Rxa5 Kd6 41.fxe5+ Kxe5 42.Ra7 h5
43.Re7+ Kd4 44.Bb5  1-0

[Event "Regionalliga SO9798"]
[Site "Bayern"]
[Date "1997.??.??"]
[Round "?"]
[White "Schnabel, Hans"]
[Black "Wagner, Hans"]
[Result "1/2-1/2"]
[WhiteElo "1955"]
[BlackElo "2135"]

1.d4 Nf6 2.c4 e6 3.Nf3 Bb4+ 4.Bd2 Qe7 5.Qc2 Nc6 6.Nc3 O-O 7.g3 d6 8.Bg2 e5
9.dxe5 dxe5 10.Nd5 Bxd2+ 11.Nxd2 Qd6 12.c5 Qd8 13.Nxf6+ Qxf6 14.O-O Nd4 15.Qe4 Rb8
16.Nc4 Nc6 17.f4 Qe7 18.fxe5 Qxc5+ 19.Kh1 Be6 20.Rac1 Qd4 21.Rfd1 Qxe4 22.Bxe4 Ne7
23.a4 c6 24.Ne3 Rfd8 25.Rd6 Re8 26.b4 Ng6 27.Bxg6 hxg6 28.a5 a6 29.Kg2 Re7
30.Kf3 Rbe8 31.Rc5 f6 32.exf6 gxf6 33.Rc3 Kg7 34.h4 g5 35.Rcd3 Kg6 36.hxg5 Kxg5
37.Rc3 Bf5 38.Nxf5 Kxf5 39.e3 Ke5 40.Rcd3 Rg8 41.Rd7 Reg7 42.Rxg7 Rxg7 43.Rd4 Rc7
44.Rc4 Rd7 45.Re4+ Kf5 46.Rf4+ Ke6 47.Re4+ Kf7 48.Kg4 Rd5 49.Kf3 Rb5 50.Rc4 Ke6
51.g4 c5 52.Rxc5 Rxb4 53.Rf5 Rb1 54.Rc5 Kf7 55.g5 fxg5  1/2-1/2

[Event "Oberliga Bayern9697"]
[Site "Bayern"]
[Date "1997.??.??"]
[Round "?"]
[White "Zlochevskij, Alexander"]
[Black "Jirovsky, Pavel"]
[Result "1/2-1/2"]
[WhiteElo "2415"]
[BlackElo "2325"]

1.d4 Nf6 2.Nf3 e6 3.c4 Bb4+ 4.Bd2 a5 5.g3 d6 6.Bg2 O-O 7.Nc3 Bxc3 8.Bxc3 Ne4
9.Rc1 Nc6 10.O-O Nxc3 11.Rxc3 e5 12.d5 Nb4 13.a3 Na6 14.Nd2 f5 15.b3 Bd7
16.Qc2 Be8  1/2-1/2

[Event "Regionalliga SO9697"]
[Site "Bayern"]
[Date "1997.??.??"]
[Round "?"]
[White "Hackbarth, Wolfgang"]
[Black "Farsach, Christof"]
[Result "1/2-1/2"]
[WhiteElo "1950"]
[BlackElo "2070"]

1.c4 Nf6 2.d4 e6 3.Nf3 Bb4+ 4.Bd2 Be7 5.Bc3 Ne4 6.e3 O-O 7.Bd3 Nxc3 8.Nxc3 d5
9.Rc1 dxc4 10.Bxc4 c5 11.d5 exd5 12.Bxd5 Na6 13.O-O Nc7 14.Be4 f5 15.Bd3 Be6
16.Qc2 Bf6 17.Bxf5 Bxf5 18.Qxf5 Bxc3 19.Qxc5 Bxb2 20.Rc2 Ne6 21.Qc4 Qf6 22.Rxb2 Qxb2
23.Qxe6+ Kh8 24.Ne5 Rf6 25.Nf7+ Kg8 26.Nh6+ Kh8 27.Nf7+  1/2-1/2

[Event "Landesliga Sued9798"]
[Site "Bayern"]
[Date "1997.??.??"]
[Round "?"]
[White "Rohrmueller, Ulrich"]
[Black "Stoer, Andreas"]
[Result "1-0"]
[WhiteElo "2205"]
[BlackElo "2190"]

1.d4 Nf6 2.Nf3 e6 3.c4 Bb4+ 4.Bd2 Qe7 5.g3 Nc6 6.Bg2 Bxd2+ 7.Nbxd2 d6 8.O-O O-O
9.h3 e5 10.d5 Nb8 11.e4 c6 12.Ne1 Bd7 13.Qb3 Na6 14.Qxb7 Nc5 15.Qb4 cxd5
16.exd5 Rfb8 17.Qa3 a5 18.Nc2 e4 19.Rab1 Qe5 20.Qe3 Qh5 21.g4 Qh4 22.Qg3 Qxg3
23.fxg3 h6 24.b3 Rb6 25.Ra1 Re8 26.Rfe1 Re5 27.Re3 h5 28.gxh5 Nxh5 29.Nxe4 Nxe4
30.Rxe4 Rxe4 31.Bxe4 Nxg3 32.Bg2 Ne2+ 33.Kf2 Nf4 34.h4 Rb8 35.Bf1 f5 36.Nd4 Kf7
37.Re1 Rh8 38.Nf3 Ng6 39.Kg3 f4+ 40.Kf2 Nxh4 41.Ng5+ Kg6 42.Ne6 Kh6 43.Nxg7 Rg8
44.Ne6 Rg3 45.Re4 Rg4 46.Rxf4 Rxf4+ 47.Nxf4 Kg5 48.Ng2 Nf5 49.Bd3 a4 50.Bxf5 axb3
51.axb3 Bxf5 52.Ke3 Bh3 53.Ne1 Kf5 54.Nd3 Bf1 55.b4  1-0

[Event "Oberliga Bayern9798"]
[Site "Bayern"]
[Date "1997.??.??"]
[Round "?"]
[White "De Francesco, Klaus"]
[Black "Heimrath, Wolfgang"]
[Result "1-0"]
[WhiteElo "2255"]
[BlackElo "2160"]

1.d4 Nf6 2.c4 e6 3.Nf3 Bb4+ 4.Bd2 Bxd2+ 5.Nbxd2 d6 6.e3 Nc6 7.Be2 O-O 8.O-O e5
9.dxe5 dxe5 10.Qc2 Qe7 11.Qc3 Rd8 12.h3 Bf5 13.Rfd1 a5 14.a3 Nd7 15.Nf1 Nc5
16.Ng3 Bg6 17.Rd5 Ne4 18.Nxe4 Bxe4 19.Rb5 Bxf3 20.Bxf3 e4 21.Be2 b6 22.Rd5 Rd6
23.Rad1 Rad8 24.Qb3 Ne5 25.Qb5 f6 26.Rxd6 Rxd6 27.c5 Rxd1+ 28.Bxd1 Qd8 29.Bb3+ Kf8
30.cxb6 cxb6 31.Bd5 g6 32.Bxe4 Qd1+ 33.Kh2 Qe1 34.Qxb6 Qxf2 35.Qxa5 Qxe3
36.Qb4+ Kg7 37.Bb7 Qf2 38.a4 Nd3 39.Qe7+ Kh6  1-0

[Event "Beersheba 16th"]
[Site "Beersheba"]
[Date "1997.??.??"]
[Round "10"]
[White "Avrukh, Boris"]
[Black "Mikhalevski, Victor"]
[Result "1-0"]
[WhiteElo "2520"]
[BlackElo "2535"]

1.d4 Nf6 2.c4 e6 3.Nf3 Bb4+ 4.Bd2 a5 5.g3 b6 6.Bg2 Ba6 7.b3 O-O 8.O-O Ra7
9.Bf4 a4 10.Qc2 d5 11.Rd1 Qc8 12.Ne5 c5 13.dxc5 Bxc5 14.Nc3 b5 15.cxb5 Bxb5
16.Rac1 Rc7 17.Nc4 axb3 18.axb3 Bxc4 19.Bxc7 Qxc7 20.bxc4 Bxf2+ 21.Kxf2 Qc5+
22.Ke1 Ng4 23.e3 Nxe3 24.Qf2 d4 25.Ne4 Qe5 26.Rd2 f5 27.Qf4 Qxf4 28.Nf6+ gxf6
29.gxf4 Kf7 30.Rb1 e5 31.Rb7+ Kg6 32.Rdb2 Na6 33.fxe5 Nc5 34.e6 Re8 35.Bd5 f4
36.Ke2 Nxb7 37.Rxb7 Kf5 38.Rxh7 Ke5 39.Rd7 Rh8 40.e7 Nf5 41.Kf3 Ng7 42.Rd8 Rxh2
43.Rg8 Rh3+ 44.Kf2 Rh2+ 45.Kf1 Ne8 46.Rxe8 Kd6 47.Be4 Rh5 48.Rd8+ Kxe7 49.Rxd4 Ke6
50.Bf3 Ra5 51.Rxf4 f5 52.Rd4 Ra3 53.Ke2 Ke5 54.Rd3 Ra2+ 55.Rd2 Ra3 56.Bd5 Rc3
57.Rd3 Rc2+ 58.Kd1 Ra2 59.c5 Ra5 60.c6 Rc5 61.Bh1 Rc4 62.Kd2 Rh4 63.Bf3 Rh8
64.Kc3  1-0

[Event "Berliner Sommer"]
[Site "Berlin"]
[Date "1997.??.??"]
[Round "1"]
[White "Lerner, Konstantin Z"]
[Black "Weclawski, Doris"]
[Result "1-0"]
[WhiteElo "2560"]
[BlackElo "2035"]

1.d4 Nf6 2.c4 e6 3.Nf3 Bb4+ 4.Bd2 Qe7 5.g3 a5 6.Bg2 O-O 7.O-O Bxd2 8.Qxd2 d6
9.Nc3 e5 10.e4 c6 11.h3 Nh5 12.Rad1 Nd7 13.Rfe1 g6 14.b3 Re8 15.Re3 Nb6 16.Rd3 f6
17.Qe3 Nd7 18.Na4 Ng7 19.dxe5 dxe5 20.c5 Ne6 21.Rd6 Nc7 22.Bf1 Kg7 23.Qd2 Nf8
24.Nb6 Ra7 25.Kh2 Nce6 26.Qe3 Qc7 27.h4 Nd8 28.Nxc8 Qxc8 29.Bh3 Qb8 30.Nd2 Nf7
31.Rd3 Rd8 32.Nc4 Qc7 33.Rxd8 Nxd8 34.Nb6 Kg8 35.Nd7 Kg7 36.Nxf8 Kxf8 37.Rd7 Qb8
38.Qh6+  1-0

[Event "Berliner Sommer"]
[Site "Berlin"]
[Date "1997.??.??"]
[Round "3"]
[White "Dydyshko, Viacheslav"]
[Black "Kruszynski, Wlodzimierz"]
[Result "1/2-1/2"]
[WhiteElo "2490"]
[BlackElo "2360"]

1.d4 Nf6 2.c4 e6 3.Nf3 Bb4+ 4.Bd2 c5 5.Bxb4 cxb4 6.g3 b6 7.Bg2 Bb7 8.a3 bxa3
9.Nxa3 O-O 10.O-O d5 11.Ne5 Qe7 12.Qa4 dxc4 13.Bxb7 Qxb7 14.Naxc4 Rd8 15.Rfd1 Ne8
16.Rac1 f6 17.Nd3 Nd7 18.Qb3 Nf8 19.Na5 Qd5 20.Qxd5 Rxd5 21.Nc6 Kf7 22.Ndb4 Rd7
23.Na6 Ng6 24.Rd3 Ne7 25.Ncb4 Rad8 26.e3 Nd6 27.Rdc3 Nb5 28.Rc4 Nd6 29.Rc7 Nb5
30.Rxd7 Rxd7 31.Kf1 e5 32.dxe5 fxe5 33.Ke2 Ke6 34.Rc4 Nd5 35.Nxd5 Kxd5 36.Rc8 e4
37.Nb4+ Kd6 38.Re8 Re7 39.Rd8+ Kc5 40.Nd5 Rf7 41.Nf4 Re7 42.Rc8+ Kd6 43.h4 Rc7
44.Rd8+ Ke7 45.Rd2 Rc1 46.g4 Nc7 47.Nh5 Ne6 48.Ng3 Nc5 49.b4 Nd3 50.Ra2 Rc7
51.Ra4 Rc2+ 52.Kd1 Rc7 53.Ke2 Rc2+ 54.Kd1 Rc7  1/2-1/2

[Event "Berliner Sommer"]
[Site "Berlin"]
[Date "1997.??.??"]
[Round "8"]
[White "Heuer, Thomas"]
[Black "Gasimov, Ragim"]
[Result "1/2-1/2"]
[WhiteElo "2260"]
[BlackElo "2395"]

1.d4 Nf6 2.Nf3 e6 3.c4 Bb4+ 4.Bd2 Qe7 5.g3 Nc6 6.Nc3 Bxc3 7.Bxc3 Ne4 8.Rc1 d6
9.Bg2 Nxc3 10.Rxc3 O-O 11.d5 Nb8 12.dxe6 fxe6 13.O-O Kh8 14.b4 a5 15.a3 Na6
16.Qb3 e5 17.Nd2 c6 18.Ne4  1/2-1/2

[Event "Biel op MTO"]
[Site "Biel"]
[Date "1997.??.??"]
[Round "4"]
[White "Handke, Florian"]
[Black "Ellers, Holger"]
[Result "0-1"]
[WhiteElo "2255"]
[BlackElo "2405"]

1.d4 e6 2.Nf3 Nf6 3.c4 Bb4+ 4.Bd2 a5 5.g3 d6 6.Bg2 Nbd7 7.O-O e5 8.e3 c6
9.Bc1 e4 10.Ng5 d5 11.c5 h6 12.Nh3 a4 13.a3 Ba5 14.Qxa4 Nf8 15.b4 Bxh3 16.Bxh3 Bc7
17.Qd1 h5 18.f4 exf3 19.Qxf3 h4 20.g4 N8h7 21.Qf5 O-O 22.g5 g6 23.Qf2 Ne4
24.Qxh4 Nhxg5 25.Kh1 Kg7 26.Bg2 Rh8 27.Qg4 f5 28.Qd1 Rxh2+ 29.Kg1 Qh8  0-1

[Event "Biel op MTO"]
[Site "Biel"]
[Date "1997.??.??"]
[Round "5"]
[White "Ermeni, Avni"]
[Black "Vehi Bach, Victor Manuel"]
[Result "0-1"]
[WhiteElo "2265"]
[BlackElo "2395"]

1.d4 Nf6 2.Nf3 e6 3.c4 Bb4+ 4.Bd2 Qe7 5.g3 Nc6 6.Bg2 Bxd2+ 7.Nbxd2 d6 8.O-O a5
9.e4 e5 10.d5 Nb8 11.Ne1 O-O 12.Nd3 Na6 13.a3 c6 14.dxc6 bxc6 15.Qa4 Bg4
16.Rfe1 c5 17.Nf1 Bd7 18.Qc2 Bc6 19.Qc3 Qb7 20.f3 Rfb8 21.Ne3 g6 22.Rad1 Re8
23.Qc1 Qe7 24.Nf2 Nc7 25.f4 Ba4 26.Rd3 Ne6 27.fxe5 dxe5 28.Nd5 Nxd5 29.exd5 Nd4
30.d6 Qxd6 31.Bxa8 Rxa8 32.Ne4 Ne2+ 33.Rxe2 Qxd3 34.Nf6+ Kg7 35.Rf2 Rd8 36.Qg5 Qd1+
37.Rf1 Qd4+ 38.Rf2 e4 39.Nxe4 Bc6 40.Nxc5 Qd1+ 41.Rf1 Qd4+ 42.Rf2 Re8 43.Nd3 Re3
44.Qf4 Rxd3 45.Qxf7+ Kh6 46.Qf8+ Kh5  0-1

[Event "Biel op MTO"]
[Site "Biel"]
[Date "1997.??.??"]
[Round "10"]
[White "Siegel, Georg"]
[Black "Zoler, Dan"]
[Result "0-1"]
[WhiteElo "2540"]
[BlackElo "2465"]

1.d4 Nf6 2.Nf3 e6 3.c4 Bb4+ 4.Bd2 Bxd2+ 5.Qxd2 O-O 6.Nc3 d5 7.e3 Qe7 8.cxd5 exd5
9.Bd3 Nc6 10.h3 Rd8 11.a3 Ne4 12.Qc2 Bf5 13.O-O Rd6 14.Rfe1 Re8 15.Rac1 Qf6
16.Nh2 h5 17.Nf1 Qh4 18.Nb5 Rg6 19.Ng3 Bxh3 20.Bxe4 Rxe4 21.Nc3 Reg4 22.Nce2 Bxg2
23.Kxg2 Qg5 24.Nf4 Nxd4 25.exd4 Qxf4 26.Re8+ Kh7 27.Re3 h4 28.Rh1 f5 29.Rh3 Rh6
30.Rf3 Qe4 31.Qxe4 fxe4 32.Rf7 hxg3 33.fxg3 e3 34.Rxh6+ Kxh6 35.Kf3 e2 36.Kxe2 Rxg3
37.Kd2 Rg2+ 38.Kc3 g5 39.Rxc7 g4 40.Rxb7 g3 41.Rb8 Kg5 42.Rg8+ Kf4 43.Rf8+ Ke4
44.Re8+ Kf3 45.Rf8+ Ke2 46.Rg8 Rg1 47.Kb4 g2 48.Kc5 Rc1+ 49.Kxd5 g1=Q 50.Rxg1 Rxg1
51.Kc6 Rc1+ 52.Kb7 Kd3 53.d5 Kc4 54.d6 Rd1 55.Kc7 Kb3  0-1